| 000 -LEADER |
| fixed length control field |
00924nam a22002417a 4500 |
| 001 - CONTROL NUMBER |
| control field |
948 |
| 003 - CONTROL NUMBER IDENTIFIER |
| control field |
BD-DhUAP |
| 005 - DATE AND TIME OF LATEST TRANSACTION |
| control field |
20201111105651.0 |
| 008 - FIXED-LENGTH DATA ELEMENTS--GENERAL INFORMATION |
| fixed length control field |
201111s1988 nyua|||| |||| 001 0 eng d |
| 020 ## - INTERNATIONAL STANDARD BOOK NUMBER |
| International Standard Book Number |
0444871136 |
| 040 ## - CATALOGING SOURCE |
| Original cataloging agency |
BD-DhUAP |
| Language of cataloging |
Eng |
| Transcribing agency |
BD-DhUAP |
| Modifying agency |
BD-DhUAP |
| 082 ## - DEWEY DECIMAL CLASSIFICATION NUMBER |
| Edition number |
23 |
| Classification number |
530.144 PRO |
| 245 ## - TITLE STATEMENT |
| Title |
Proceedings of the international school of physics "enrico fermi", CIV course, Varenna on lake Como, 7-17 July 1987: |
| Remainder of title |
frontiers and borderlines in many-particle physics / |
| Statement of responsibility, etc. |
edited by R. A. Broglia and J. R. Schrieffer. |
| 260 ## - PUBLICATION, DISTRIBUTION, ETC. |
| Place of publication, distribution, etc. |
Amsterdam : |
| Name of publisher, distributor, etc. |
North-Holland Publishing Co., |
| Date of publication, distribution, etc. |
c1988. |
| 300 ## - PHYSICAL DESCRIPTION |
| Extent |
ix, 460 pages : |
| Other physical details |
illustrations ; |
| Dimensions |
25 cm. |
| 490 ## - SERIES STATEMENT |
| Series statement |
International school of physics "Enrico Fermi". |
| 500 ## - GENERAL NOTE |
| General note |
Includes index. |
| 650 ## - SUBJECT ADDED ENTRY--TOPICAL TERM |
| Topical term or geographic name entry element |
Many-body problem |
| Form subdivision |
Congresses. |
| 650 ## - SUBJECT ADDED ENTRY--TOPICAL TERM |
| Topical term or geographic name entry element |
Solid state physics |
| Form subdivision |
Congresses. |
| 700 ## - ADDED ENTRY--PERSONAL NAME |
| Personal name |
Broglia, R. A. |
| 700 ## - ADDED ENTRY--PERSONAL NAME |
| Personal name |
Schrieffer, J. R. |
| 942 ## - ADDED ENTRY ELEMENTS (KOHA) |
| Source of classification or shelving scheme |
|
| Koha item type |
Book |